| 000 | 00368nam a2200145Ia 4500 | ||
|---|---|---|---|
| 008 | 150201s2012 xx 000 0 und d | ||
| 082 |
_a611 _bR12W |
||
| 100 | _aWAUGH, ANNE | ||
| 245 | _aROSS & WILSON ANATOMY & PHYSIOLOGY IN HEALTH AND ILLNESS | ||
| 250 | _a11TH | ||
| 260 |
_bELSEVIER _aEDINBURGH _c2012 |
||
| 300 | _a495 | ||
| 650 | _aANATOMY | ||
| 942 |
_2ddc _cBK _085 |
||
| 999 |
_c2192 _d2192 |
||